<?xml version="1.0" encoding="UTF-8"?>
<record
    xmlns:xsi="http://www.w3.org/2001/XMLSchema-instance"
    xsi:schemaLocation="http://www.loc.gov/MARC21/slim http://www.loc.gov/standards/marcxml/schema/MARC21slim.xsd"
    xmlns="http://www.loc.gov/MARC21/slim">

  <leader>00832nam a2200205 a 4500</leader>
  <controlfield tag="005">20171120171515.0</controlfield>
  <controlfield tag="008">171120q2017    cl ado|fr|||| 101 0 spa d</controlfield>
  <datafield tag="040" ind1=" " ind2=" ">
    <subfield code="a">CO-BoIAVH </subfield>
    <subfield code="c">CO-BoIAVH </subfield>
  </datafield>
  <datafield tag="041" ind1="1" ind2=" ">
    <subfield code="a">eng</subfield>
    <subfield code="a">spa</subfield>
    <subfield code="h">spa</subfield>
  </datafield>
  <datafield tag="044" ind1=" " ind2=" ">
    <subfield code="a">cl</subfield>
  </datafield>
  <datafield tag="082" ind1="0" ind2="4">
    <subfield code="a">551.6072</subfield>
    <subfield code="b">C33c</subfield>
  </datafield>
  <datafield tag="245" ind1="0" ind2="0">
    <subfield code="a">Center for Climate and Resilience Research: </subfield>
    <subfield code="b">Memoria 2013-2017</subfield>
    <subfield code="c">editado por: Nicole Tondreau </subfield>
  </datafield>
  <datafield tag="260" ind1=" " ind2=" ">
    <subfield code="a">Santiago, (Chile)  : </subfield>
    <subfield code="b">Center for Climate and Resilience Research,</subfield>
    <subfield code="c">2017?.</subfield>
  </datafield>
  <datafield tag="300" ind1=" " ind2=" ">
    <subfield code="a">55, 55 p&#xE1;ginas: </subfield>
    <subfield code="b">ilustraciones a color, gr&#xE1;ficas y fotograf&#xED;as a color ; </subfield>
    <subfield code="c">30 x 24 cm.</subfield>
  </datafield>
  <datafield tag="650" ind1="2" ind2="6">
    <subfield code="a">Clima</subfield>
    <subfield code="x">Investigaci&#xF3;n </subfield>
    <subfield code="z">Chile</subfield>
  </datafield>
  <datafield tag="650" ind1="2" ind2="6">
    <subfield code="a">Servicios de los ecosistemas</subfield>
    <subfield code="x">Investigaci&#xF3;n </subfield>
    <subfield code="z">Chile</subfield>
  </datafield>
  <datafield tag="650" ind1="2" ind2="6">
    <subfield code="a">Biometeorolog&#xED;a</subfield>
    <subfield code="x">Investigaci&#xF3;n</subfield>
    <subfield code="z">Chile</subfield>
  </datafield>
  <datafield tag="700" ind1="1" ind2=" ">
    <subfield code="a">Tondreau, Nicole</subfield>
    <subfield code="e">editor</subfield>
  </datafield>
  <datafield tag="942" ind1=" " ind2=" ">
    <subfield code="2">ddc</subfield>
    <subfield code="c">LIBRO</subfield>
  </datafield>
  <datafield tag="999" ind1=" " ind2=" ">
    <subfield code="c">19968</subfield>
    <subfield code="d">19968</subfield>
  </datafield>
  <datafield tag="952" ind1=" " ind2=" ">
    <subfield code="0">0</subfield>
    <subfield code="1">0</subfield>
    <subfield code="2">ddc</subfield>
    <subfield code="4">0</subfield>
    <subfield code="7">0</subfield>
    <subfield code="8">GENERAL</subfield>
    <subfield code="a">Bogota</subfield>
    <subfield code="b">Bogota</subfield>
    <subfield code="d">2017-11-20</subfield>
    <subfield code="l">0</subfield>
    <subfield code="o">LB-551.6072 C33c</subfield>
    <subfield code="p">043321</subfield>
    <subfield code="r">2017-11-20 00:00:00</subfield>
    <subfield code="t">Ej. 1</subfield>
    <subfield code="w">2017-11-20</subfield>
    <subfield code="x">Donacion</subfield>
    <subfield code="y">LIBRO</subfield>
  </datafield>
</record>
